Tvorivý proces v reklamnej agentúre, typ komunikácie tímov a jej vplyv na kreativitu reklamy

Možné rozdiely v efektívnej tvorbe kreatívnych reklám tímami, ktoré môžu vzniknúť počas tvorivého procesu. Niektoré formy komunikácie podporujú výraznejšie facilitačné efekty skupiny, iné môžu eliminovať tzv. inhibičné vplyvy skupiny na tvorivú produkciu. Klasické formy tímovej spolupráce sú efektív...

Descrizione completa

Salvato in:
Dettagli Bibliografici
Autore principale: Fichnová, Katarína
Natura: Capitolo di libro
Lingua:slovacco
Soggetti:
Tags: Aggiungi Tag
Nessun Tag, puoi essere il primo ad aggiungerne!!

MARC

LEADER 00000naa a2200000 4500
001 0215615
005 20231115071146.1
041 0 |a slo 
044 |a CZ 
245 1 0 |a Tvorivý proces v reklamnej agentúre, typ komunikácie tímov a jej vplyv na kreativitu reklamy  |c Katarína Fichnová 
520 |a Možné rozdiely v efektívnej tvorbe kreatívnych reklám tímami, ktoré môžu vzniknúť počas tvorivého procesu. Niektoré formy komunikácie podporujú výraznejšie facilitačné efekty skupiny, iné môžu eliminovať tzv. inhibičné vplyvy skupiny na tvorivú produkciu. Klasické formy tímovej spolupráce sú efektívnejšie, než médiami spostredkovaná komunikácia kreatívneho tímu pri tvorbe reklamy. 
610 2 0 |a reklama 
610 2 0 |a tvorba reklamy 
610 2 0 |a kreativita 
610 2 0 |a agentúry 
610 2 0 |a tímy pracovné 
100 1 |a Fichnová, Katarína